000 00455pab a2200157 454500
008 180718b2015 xxu||||| |||| 00| 0 eng d
100 _aNielsen, Kenneth Bo
245 _aLaw and Larai: the (de) judicialisation of subaltern resistance in West Bengal
260 _c2015
300 _ap.618-639.
362 _aNov
650 _aLand tenure - India - West Bengal
650 _aLand tenure
773 _aJournal of Contemporary Asia
909 _a109456
999 _c109451
_d109451